[Event "Goch op 25th"]
[Site "Goch"]
[Date "2014.09.07"]
[Round "7"]
[White "Burg, Henk"]
[Black "Braun, Oskar"]
[Result "0-1"]
[WhiteElo "1809"]
[BlackElo "1929"]
[PlyCount "62"]
[EventDate "2014.09.04"]
[EventType "swiss"]
[EventRounds "7"]
[EventCountry "GER"]
[SourceTitle "EXT 2016"]
[Source "ChessBase"]
[SourceDate "2015.10.08"]
[SourceVersion "1"]
[SourceVersionDate "2015.10.08"]
[SourceQuality "1"]

1. e4 e6 2. d4 d5 3. Nd2 Nf6 4. e5 Nfd7 5. Bd3 c5 6. c3 Nc6 7. Ne2 cxd4 8. cxd4 f6 9. exf6 Nxf6 10. 0-0 Bd6 11. Nf3 0-0 12. Bg5 Qc7 13. Bh4 Nh5 14. Bg3 Nxg3 15. hxg3 g6 16. Rc1 a6 17. a3 Qg7 18. Bb1 Bb8 19. Qd2 Ba7 20. Rfe1 Bd7 21. Rf1 Kh8 22. Rce1 Rae8 23. Qd3 Re7 24. Qc3 Ref7 25. Qd3 Rxf3 26. gxf3 Bxd4 27. Nxd4 Nxd4 28. Rd1 Nxf3+ 29. Kg2 Bb5 30. Qe3 Bxf1+ 31. Rxf1 Qxb2 0-1

[Event "NRW-ch"]
[Site "Wesel"]
[Date "2013.10.22"]
[Round "4"]
[White "Braun, Oskar"]
[Black "Plassmann, Dominik"]
[Result "0-1"]
[WhiteElo "1923"]
[BlackElo "2050"]
[PlyCount "82"]
[EventDate "2013.10.19"]
[EventType "swiss"]
[EventRounds "7"]
[EventCountry "GER"]
[SourceTitle "EXT 2016"]
[Source "ChessBase"]
[SourceDate "2015.10.08"]
[SourceVersion "1"]
[SourceVersionDate "2015.10.08"]
[SourceQuality "1"]

1. d4 Nf6 2. c4 g6 3. Nc3 d5 4. cxd5 Nxd5 5. e4 Nxc3 6. bxc3 Bg7 7. Nf3 c5 8. Rb1 0-0 9. Be2 Nc6 10. d5 Bxc3+ 11. Bd2 Bxd2+ 12. Qxd2 Nb8 13. h4 Nd7 14. e5 Re8 15. h5 Nf8 16. hxg6 fxg6 17. Bb5 Bd7 18. Bc4 Bf5 19. Rb3 a6 20. Nh4 e6 21. d6 b5 22. Nxf5 gxf5 23. Qh6 Ra7 24. Rg3+ Kh8 25. Rh5 bxc4 26. Rhg5 Ng6 27. Rxg6 Rb7 28. Rg7 Qa5+ 29. Ke2 Qxa2+ 30. Kf3 Rb3+ 31. Kf4 Qd2+ 32. Re3 Qxf2+ 33. Kg5 Qxe3+ 34. Kh5 Qe2+ 35. Kh4 Qe1+ 36. Kg5 Qg3+ 37. Kf6 Rf8+ 38. Rf7 Rxf7+ 39. Kxe6 Qg8 40. d7 Rb6+ 41. Kd5 Rxh6 0-1

[Event "NRW-ch"]
[Site "Wesel"]
[Date "2013.10.19"]
[Round "1"]
[White "Albrecht, Oliver"]
[Black "Braun, Oskar"]
[Result "1-0"]
[WhiteElo "2161"]
[BlackElo "1923"]
[PlyCount "43"]
[EventDate "2013.10.19"]
[EventType "swiss"]
[EventRounds "7"]
[EventCountry "GER"]
[SourceTitle "EXT 2016"]
[Source "ChessBase"]
[SourceDate "2015.10.08"]
[SourceVersion "1"]
[SourceVersionDate "2015.10.08"]
[SourceQuality "1"]

1. d4 d5 2. c4 dxc4 3. Nf3 Nf6 4. e3 e6 5. Bxc4 c5 6. 0-0 a6 7. Bb3 Nc6 8. Nc3 cxd4 9. exd4 Be7 10. Re1 0-0 11. Bg5 Na5 12. Bc2 b5 13. Qd3 g6 14. Ne5 Bb7 15. Qh3 Nh5 16. Bh6 Re8 17. Nxf7 Qxd4 18. Rad1 Qf6 19. Nd6 Bxd6 20. Rxd6 Nf4 21. Bxf4 Qxf4 22. Rd7 1-0

[Event "Goch op 24th"]
[Site "Goch"]
[Date "2013.09.06"]
[Round "2"]
[White "Braun, Oskar"]
[Black "Schaefer, Michael2222"]
[Result "1-0"]
[WhiteElo "1919"]
[BlackElo "1746"]
[PlyCount "65"]
[EventDate "2013.09.05"]
[EventType "swiss"]
[EventRounds "7"]
[EventCountry "GER"]
[SourceTitle "EXT 2015"]
[Source "ChessBase"]
[SourceDate "2014.11.20"]
[SourceVersion "1"]
[SourceVersionDate "2014.11.20"]
[SourceQuality "1"]

1. d4 Nf6 2. c4 e6 3. Nc3 Bb4 4. Qc2 0-0 5. a3 Bxc3+ 6. Qxc3 Ne4 7. Qc2 f5 8. Nh3 d6 9. f3 Nf6 10. e3 Nc6 11. Bd3 Ne7 12. 0-0 c6 13. Bd2 Kh8 14. Bc3 Qc7 15. Kh1 e5 16. dxe5 dxe5 17. b3 Bd7 18. Nf2 Rac8 19. Rad1 c5 20. Kg1 Rcd8 21. Rd2 Be6 22. Rfd1 Rd7 23. Qb2 Ng6 24. Qb1 Ne7 25. Bc2 Rfd8 26. Rxd7 Rxd7 27. Rxd7 Nxd7 28. Qb2 Nc6 29. Nd3 Qd6 30. f4 exf4 31. Bxg7+ Kg8 32. Nxf4 Qd2 33. Qc3 1-0

[Event "Dortmund Sparkassen op-B"]
[Site "Dortmund"]
[Date "2012.07.20"]
[Round "7"]
[White "Braun, Oskar"]
[Black "Bosbach, Jens"]
[Result "1/2-1/2"]
[WhiteElo "1722"]
[BlackElo "1829"]
[PlyCount "71"]
[EventDate "2012.07.14"]
[EventType "swiss"]
[EventRounds "9"]
[EventCountry "GER"]
[SourceTitle "EXT 2014"]
[Source "ChessBase"]
[SourceDate "2013.11.20"]
[SourceVersion "1"]
[SourceVersionDate "2013.11.20"]
[SourceQuality "1"]

1. d4 Nf6 2. c4 e6 3. Nc3 d5 4. cxd5 exd5 5. Bg5 Be7 6. e3 c6 7. Bd3 h6 8. Bh4 Be6 9. Nge2 Nh5 10. Bxe7 Qxe7 11. 0-0 0-0 12. Qc2 Nd7 13. Rab1 Rfc8 14. b4 a6 15. a4 Nb6 16. b5 cxb5 17. axb5 Nc4 18. Bxc4 Rxc4 19. Rb3 a5 20. b6 a4 21. Ra1 Qe8 22. Rba3 Qc6 23. Rxa4 Raxa4 24. Rxa4 Rxa4 25. Qxa4 Qxb6 26. Qe8+ Kh7 27. Qb5 Qc7 28. Nxd5 Bxd5 29. Qxd5 Qc2 30. Ng3 Qb1+ 31. Nf1 Nf6 32. Qxf7 b5 33. g4 b4 34. Kg2 b3 35. Nd2 Qd1 36. Nxb3 1/2-1/2

[Event "Goch op 22nd"]
[Site "Goch"]
[Date "2011.10.02"]
[Round "6"]
[White "Braun, Oskar"]
[Black "Aymans, Rainer"]
[Result "1/2-1/2"]
[WhiteElo "1745"]
[BlackElo "1925"]
[PlyCount "57"]
[EventDate "2011.09.29"]
[EventType "swiss"]
[EventRounds "7"]
[EventCountry "GER"]
[SourceTitle "EXT 2014"]
[Source "ChessBase"]
[SourceDate "2013.11.20"]
[SourceVersion "1"]
[SourceVersionDate "2013.11.20"]
[SourceQuality "1"]

1. d4 Nf6 2. c4 e5 3. dxe5 Ng4 4. Bf4 Nc6 5. Nf3 Bb4+ 6. Nbd2 Qe7 7. e3 Ngxe5 8. Be2 0-0 9. 0-0 Bxd2 10. Qxd2 d6 11. b4 Ng6 12. Bg3 Nce5 13. Qc3 Bg4 14. Nxe5 Bxe2 15. Nxg6 hxg6 16. Rfe1 Bg4 17. e4 Rad8 18. f3 Be6 19. Bf2 a6 20. e5 b6 21. c5 dxc5 22. bxc5 b5 23. a4 Bc4 24. axb5 Bxb5 25. e6 fxe6 26. Qe5 Rfe8 27. Rad1 Bc4 28. Qe4 Bd5 29. Qxg6 1/2-1/2

[Event "Goch op 22nd"]
[Site "Goch"]
[Date "2011.10.02"]
[Round "7"]
[White "Eisner, Ernst"]
[Black "Braun, Oskar"]
[Result "1-0"]
[WhiteElo "1902"]
[BlackElo "1745"]
[PlyCount "53"]
[EventDate "2011.09.29"]
[EventType "swiss"]
[EventRounds "7"]
[EventCountry "GER"]
[SourceTitle "EXT 2014"]
[Source "ChessBase"]
[SourceDate "2013.11.20"]
[SourceVersion "1"]
[SourceVersionDate "2013.11.20"]
[SourceQuality "1"]

1. d4 d5 2. e3 Nf6 3. Bd3 Bg4 4. Ne2 e6 5. 0-0 c5 6. c3 Nc6 7. Nd2 Be7 8. Re1 0-0 9. Nf1 Rb8 10. Nfg3 Bxe2 11. Qxe2 a6 12. Bd2 cxd4 13. exd4 b5 14. b4 Qd7 15. Nh5 Rfc8 16. Nxf6+ Bxf6 17. Qg4 Rb7 18. a4 g6 19. h4 e5 20. Qxd7 Rxd7 21. axb5 axb5 22. dxe5 Nxe5 23. Bxb5 Rdd8 24. Ra6 Bg7 25. Bg5 Re8 26. Bxe8 Rxe8 27. Rea1 1-0

[Event "Goch op 22nd"]
[Site "Goch"]
[Date "2011.09.30"]
[Round "3"]
[White "Hamm, Siegfried"]
[Black "Braun, Oskar"]
[Result "0-1"]
[WhiteElo "1954"]
[BlackElo "1745"]
[PlyCount "48"]
[EventDate "2011.09.29"]
[EventType "swiss"]
[EventRounds "7"]
[EventCountry "GER"]
[SourceTitle "EXT 2014"]
[Source "ChessBase"]
[SourceDate "2013.11.20"]
[SourceVersion "1"]
[SourceVersionDate "2013.11.20"]
[SourceQuality "1"]

1. e4 e6 2. d3 d5 3. Nd2 Nf6 4. g3 g6 5. Bg2 Bg7 6. Ngf3 0-0 7. 0-0 c5 8. Re1 Nc6 9. e5 Nd7 10. Qe2 Ndxe5 11. c3 b6 12. Nb3 Bb7 13. d4 Nxf3+ 14. Qxf3 cxd4 15. Bd2 dxc3 16. bxc3 Ne5 17. Qe2 Nc4 18. Bf4 Bxc3 19. Rac1 Bxe1 20. Bh6 Ba6 21. Rxc4 Bxc4 22. Qe5 f6 23. Qxe6+ Rf7 24. Nd4 Qe7 0-1

[Event "Dortmund Sparkassen op-B"]
[Site "Dortmund"]
[Date "2011.07.31"]
[Round "9"]
[White "Herrmann, Christoph"]
[Black "Braun, Oskar"]
[Result "0-1"]
[WhiteElo "1935"]
[BlackElo "1745"]
[PlyCount "78"]
[EventDate "2011.07.23"]
[EventType "swiss"]
[EventRounds "9"]
[EventCountry "GER"]
[SourceTitle "EXT 2013"]
[Source "ChessBase"]
[SourceDate "2012.11.22"]
[SourceVersion "1"]
[SourceVersionDate "2012.11.22"]
[SourceQuality "1"]

1. Nf3 e6 2. e4 d5 3. e5 c5 4. c3 Nc6 5. d4 Bd7 6. Be3 cxd4 7. cxd4 Nge7 8. Be2 Nf5 9. 0-0 Be7 10. Nc3 0-0 11. Qd2 f6 12. Bf4 fxe5 13. Bxe5 Bf6 14. Bxf6 Qxf6 15. Rad1 Be8 16. g4 Nh4 17. Nxh4 Qxh4 18. Qe3 Bd7 19. Qg3 Qf6 20. Bb5 Rac8 21. Bxc6 Bxc6 22. f4 Bd7 23. h3 Rc4 24. Qe3 a6 25. Rf2 b5 26. a3 b4 27. axb4 Rxb4 28. Na2 Rc4 29. Rdd2 a5 30. Kg2 g6 31. Nc3 a4 32. Kh2 Rfc8 33. f5 exf5 34. Nxd5 Qd6+ 35. Qe5 Qxe5+ 36. dxe5 Be6 37. Ne7+ Kf7 38. Nxc8 Rxc8 39. gxf5 Bxf5 0-1

[Event "Dortmund Sparkassen op-B"]
[Site "Dortmund"]
[Date "2011.07.26"]
[Round "4"]
[White "Braun, Oskar"]
[Black "Finke, Lara"]
[Result "1-0"]
[WhiteElo "1745"]
[BlackElo "1464"]
[PlyCount "85"]
[EventDate "2011.07.23"]
[EventType "swiss"]
[EventRounds "9"]
[EventCountry "GER"]
[SourceTitle "EXT 2013"]
[Source "ChessBase"]
[SourceDate "2012.11.22"]
[SourceVersion "1"]
[SourceVersionDate "2012.11.22"]
[SourceQuality "1"]

1. d4 d5 2. c4 e6 3. Nc3 Nf6 4. cxd5 exd5 5. Bg5 Be7 6. e3 0-0 7. Bd3 Nbd7 8. Nge2 c5 9. 0-0 c4 10. Bc2 a6 11. a4 Rb8 12. b4 b5 13. Qb1 Re8 14. axb5 axb5 15. Ra5 Nf8 16. Nf4 Be6 17. Qb2 Qd7 18. Rfa1 Qc6 19. Ra6 Qd7 20. Ra7 Rb7 21. Rxb7 Qxb7 22. Ra5 Bd7 23. Qa3 Bc6 24. h3 Qd7 25. Ra7 Qd6 26. Bxf6 Bxf6 27. Qa6 Rb8 28. Nfxd5 Bd8 29. Bf5 Ne6 30. Bxe6 Qxe6 31. Nf4 Qf6 32. d5 Be8 33. Ne4 Qxa6 34. Rxa6 Kf8 35. Nc5 c3 36. Nfd3 Bb6 37. e4 Bxc5 38. Nxc5 Rd8 39. Ra3 c2 40. Rc3 f6 41. Ne6+ Ke7 42. Nxd8 Kxd8 43. Rxc2 1-0

[Event "GER-chT Universities"]
[Site "Augsburg"]
[Date "2010.10.10"]
[Round "6.3"]
[White "Braun, Oskar"]
[Black "Monninger, Moritz Franz"]
[Result "0-1"]
[WhiteElo "1717"]
[BlackElo "2036"]
[PlyCount "78"]
[EventDate "2010.10.06"]
[EventType "team-swiss"]
[EventRounds "6"]
[EventCountry "GER"]
[SourceTitle "EXT 2016"]
[Source "ChessBase"]
[SourceDate "2015.10.08"]
[SourceVersion "1"]
[SourceVersionDate "2015.10.08"]
[SourceQuality "1"]
[WhiteTeam "Muenster Uni II"]
[BlackTeam "Muenchen LMU"]
[WhiteTeamCountry "GER"]
[BlackTeamCountry "GER"]

1. d4 d5 2. c4 e6 3. Nc3 Nf6 4. cxd5 exd5 5. Bg5 Be7 6. e3 c6 7. Bd3 0-0 8. Nge2 Nbd7 9. 0-0 Re8 10. Qc2 Nf8 11. Rfe1 Ng6 12. Rad1 Ne4 13. Bxe7 Qxe7 14. f3 Nxc3 15. Nxc3 Qg5 16. Qf2 Bd7 17. Bf1 Rad8 18. b4 Re7 19. Kh1 Rde8 20. e4 dxe4 21. fxe4 a5 22. a3 h5 23. e5 axb4 24. Ne4 Qf4 25. Qxf4 Nxf4 26. Nd6 Ra8 27. axb4 Ra2 28. Ra1 Rd2 29. Red1 Rxd1 30. Rxd1 Be6 31. Kg1 b5 32. Rc1 Bd5 33. Nf5 Ra7 34. Ne3 Be4 35. g3 Ne6 36. d5 cxd5 37. Bxb5 Nd4 38. Bf1 Ra2 39. Bg2 Ne2+ 0-1

[Event "GER-chT Universities"]
[Site "Augsburg"]
[Date "2010.10.06"]
[Round "1.3"]
[White "Pruefer, Friedbert"]
[Black "Braun, Oskar"]
[Result "1-0"]
[WhiteElo "2080"]
[BlackElo "1717"]
[PlyCount "61"]
[EventDate "2010.10.06"]
[EventType "team-swiss"]
[EventRounds "6"]
[EventCountry "GER"]
[SourceTitle "EXT 2016"]
[Source "ChessBase"]
[SourceDate "2015.10.08"]
[SourceVersion "1"]
[SourceVersionDate "2015.10.08"]
[SourceQuality "1"]
[WhiteTeam "Leipzig Uni"]
[BlackTeam "Muenster Uni II"]
[WhiteTeamCountry "GER"]
[BlackTeamCountry "GER"]

1. d4 d5 2. c4 c6 3. Nf3 Nf6 4. Nc3 dxc4 5. e4 b5 6. e5 Nd5 7. a4 Nxc3 8. bxc3 e6 9. axb5 cxb5 10. Ng5 Be7 11. Nxf7 Kxf7 12. Qf3+ Ke8 13. Qxa8 Bd7 14. Qxa7 Bc6 15. Ba3 Nd7 16. Bxe7 Kxe7 17. Qa3+ Kf7 18. Qd6 Qb6 19. Be2 Qb7 20. Bg4 Re8 21. f3 Nb6 22. 0-0 Nd5 23. Ra3 Ne3 24. Rfa1 Nc2 25. Ra7 Nxa1 26. Rxb7+ Bxb7 27. Qd7+ Re7 28. Bxe6+ Kf8 29. Qd8+ Re8 30. Qd6+ Re7 31. d5 1-0